000 00632nam a2200217Ii 4500
001 7307
003 CO-ViMGA
008 241108s9999||||xx |||||||||||||| ||und||
020 _a8475833667
040 _aCO-ViMGA
_bspa
_erda
_cCO-ViMGA
041 0 _aunk
082 0 4 _a930 E21e
100 1 _aMaitland Edey
_956047
245 1 0 _aOrigenes del hombre :
_bEl eslabón perdido
264 1 _a[Lugar de publicación no identificado] : Folio, 1994
300 _avolumen
336 _atext
_btxt
_2rdacontent
337 _aunmediated
_bn
_2rdamedia
338 _avolume
_bnc
_2rdacarrier
940 _aidficha_siabuc: 7136. -- ficha_no_siabuc:7307
999 _c53814
_d53814